| 000 | 01121nam a2200217Ia 4500 | ||
|---|---|---|---|
| 999 |
_c39413 _d39413 |
||
| 001 | 6004 | ||
| 003 | GE_BSU | ||
| 005 | 20190624180959.0 | ||
| 008 | 181216s1969||||ge |||||||||||||| ||geo|| | ||
| 041 | _ageo | ||
| 080 | _a621.313 გ-26 | ||
| 100 |
_aგეგეშიძე, გ. _92192 |
||
| 245 |
_aსაწარმოო პროცესების ავტომატიზაცია ელექტრომანქანათმშენებლობაში / _cგ. გეგეშიძე ; რედ : რ. სურგულაძე. |
||
| 264 |
_aთბილისი : _bსაბჭოთა საქართველო, _c1969. |
||
| 300 |
_a318 გვ.: _bცხრილი 44; _c22 სმ. |
||
| 504 | _aბიბლიოგრ.:გვ.311-317 | ||
| 653 | _aსაწარმოო პროცესების ავტომატიზაცია ელექტრომანქანათმშენებლობაში | ||
| 653 | _aტექნიკა | ||
| 700 |
_aსურგულაძე, რ _eრედაქტორი _92847 |
||
| 942 |
_cBK _2udc |
||